000 00774nam a22002177a 4500
005 20081020145759.0
008 081020t xxu||||| |||| 00| 0 eng d
010 _aENG-84476
020 _a8178842416
020 _c600.00 (hb)
035 _aEN-68009
082 _a338.479101734 / NEG
100 _aNegi, Joginder Singh
245 _aRural tourism and economic growth /
_cby Joginder Singh Negi
260 _aNew Delhi
_bCyber Tech Publications
260 _c2007
300 _a253p
_c22cm
500 _aIncludes bibliographical references
942 _2ddc
_cEN
_h338.479101734
_mNEG
999 _c17783
_d17783